000
00306nam a22001217a 4500
999
_c
168889
_d
168889
082
_a
_b
100
_a
Brown Judith M
245
_a
Windows into the past:
_b
life histories and the historian of south Asia/
_c
by Brown Judith M.
260
_a
_b
Oxford,
_c
2011.
300
_a
650
_a
942
_c
BK